Vertical integration and technological innovation : a transaction cost approach

Αποθηκεύτηκε σε:
Λεπτομέρειες βιβλιογραφικής εγγραφής
Κύριος συγγραφέας: Lee, Yeong Heok 1954-
Μορφή: Βιβλίο
Γλώσσα:English
Δημοσίευση: New York : Garland Publishing, 1994
Σειρά:Garland studies on industrial productivity
Θέματα:
Ετικέτες: Προσθήκη ετικέτας
Δεν υπάρχουν, Καταχωρήστε ετικέτα πρώτοι!

MARC

LEADER 00000nam a2200000 i 4500
001 1/52454
008 980313s1994 eng d
020 |a 0815315694 
035 |l 10027344 
040 |a GR-MY-UA  |b gre  |e aacr 
041 0 |a eng 
082 0 |a 338.51 
100 1 |a Lee, Yeong Heok  |d 1954- 
245 1 0 |a Vertical integration and technological innovation :  |b a transaction cost approach /  |c Yeong Heok Lee 
260 |a New York :   |b Garland Publishing,   |c 1994 
300 |a 121 p. 
490 1 |a Garland studies on industrial productivity 
504 |a Includes bibliography and index 
650 0 0 |a Vertical integration. 
650 0 0 |a Industrial efficiency. 
650 0 0 |a Transaction costs. 
650 0 0 |a Research, Industrial  |x Cost effectiveness. 
650 0 0 |a Electronic industries  |x United States  |x Vertical integration  |x Case studies. 
830 0 |a Garland studies on industrial productivity 
852 |a INST  |b CHIOS  |e 19980313  |h 338.51 LEE  |p 005200009712  |q 005200009712  |t BK  |y 0 
901 |a BIBL-1998-1 
909 |a Χ  |b 053991 
922 |a 2ΕΛΗ  |b 199803  |c ΓΚΟΤΣΙΑΣ  |d ΠΑΠΑΣΩΤΗΡΙΟΥ